Logo BPK

Biblioteka

Politechniki Koszalińskiej

Mordechai Schamz / (Rekord nr 47260)

Szczegóły MARC
000 -ETYKIETA REKORDU
podpole kontrolne o stałej długości 00630nam a2200205 i 4500
001 - NUMER KONTROLNY REKORDU
pole kontrolne bgj
020 ## - MIĘDZYNARODOWY ZNORMALIZOWANY NUMER KSIĄŻKI - ISBN
ISBN 0916583317 (hbk, jacket)
040 ## - ŹRÓDŁO KATALOGOWANIA
Instytucja, która utworzyła rekord BPK
041 1# - KOD JĘZYKA
Kod języka tekstu eng
Kod języka oryginału frfr
920 ## - Międzynarodowy znormalizowany numer książki – ISBN
ISBN 0-916583-31-7 (hbk, jacket)
008 - POLE O STAŁEJ DŁUGOŚCI - DANE KONTROLNE
podpole kontrolne o stałej długości s uk f |000 0 eng
100 1# - NAZWA OSOBOWA
Nazwa osobowa CHOLODENKO, Marc.
245 10 - TYTUŁ/ODPOWIEDZIALNOŚĆ
Tytuł Mordechai Schamz /
Pozostałe elementy strefy tytułu i oznaczenia odpowiedzialności Marc Cholodenko ; transl. by Dominic Di Bernardi.
260 ## - STREFA ADRESU WYDAWNICZEGO
Miejsce wydania Elmwood Park, Il :
Nazwa wydawcy/dystrybutora The Dalkey Archive Press,
Data publikacji, dystrybucji/powstania dokumentu cop. 1988.
300 ## - STREFA OPISU FIZYCZNEGO
Objętość 121 pp ;
Rozmiary 23 cm.
500 ## - UWAGI OGÓLNE
Tekst uwagi Transl. from French.
650 #9 - HASŁO PRZEDMIOTOWE W FORMIE NAZWY OGÓLNEJ LUB JEDNOSTKOWEJ
Nazwa ogólna lub geograficzna French fiction
Określnik chronologiczny 20th century
700 1# - HASŁO DODATKOWE - NAZWA OSOBOWA
Nazwa osobowa DI BERNARDI, Dominic.
Określenie związku między hasłem a opisywanym materiałem transl.
856 ## - LOKALIZACJA I DOSTĘP DO ELEKTRONICZNYCH DOKUMENTÓW ZDALNYCH
Link (URL) http://koha.tu.koszalin.pl/cgi-bin/koha/opac-detail.pl?biblionumber=47260
Tekst linku Katalog online BPK
942 ## - DODATKOWE ELEMENTY (KOHA)
Typ dokumentu Książka
Egzemplarze
Wycofany Status egzemplarza Uszkodzony Dostępność Lokalizacja stała Lokalizacja bieżąca Miejsce przechowywania Sygnatura Kod kreskowy Typ dokumentu
      Dostępny Biblioteka Politechniki Koszalińskiej Biblioteka Politechniki Koszalińskiej Wypożyczalnia Językowa KA 2640 09086074 Książka
© 2023 Biblioteka Politechniki Koszalińskiej :: KOHA